|
|
|
|
| LEADER |
00000cam a2200000 7i4500 |
| 001 |
0000008349 |
| 005 |
20170111.0 |
| 008 |
161222 -uk eng |
| 040 |
|
|
|a INS
|
| 090 |
0 |
0 |
|a KD5543.A519
|b D47 1957
|
| 245 |
0 |
0 |
|a De-rating and rating appeals
|c edited by F. A. Amies
|
| 260 |
|
|
|a London :
|b The Solicitor's Law Stationery Society ,
|c 1957
|
| 300 |
|
|
|a volume ;
|c 24 cm.
|
| 650 |
|
0 |
|a Real property tax
|x Law and legislation
|z Great Britain
|
| 710 |
1 |
|
|a Amies, F. A.
|
| 999 |
|
|
|a 0000022393
|b BOOK
|c Reference
|e Default branch
|
| 999 |
|
|
|a 0000023545
|b BOOK
|c Reference
|e Default branch
|
| 999 |
|
|
|a 0000023546
|b BOOK
|c Reference
|e Default branch
|
| 999 |
|
|
|a 0000023547
|b BOOK
|c Reference
|e Default branch
|
| 999 |
|
|
|a 0000023548
|b BOOK
|c Reference
|e Default branch
|
| 999 |
|
|
|a 0000023806
|b BOOK
|c Reference
|e Default branch
|
| 999 |
|
|
|a 0000023808
|b BOOK
|c Reference
|e Default branch
|
| 999 |
|
|
|a 0000023809
|b BOOK
|c Reference
|e Default branch
|